| 000 | 00678nam a2200205 a 4500 | ||
|---|---|---|---|
| 001 | 000355170 | ||
| 003 | AM-YeHGA | ||
| 005 | 20250618072222.0 | ||
| 008 | 040728s1966 |||a 000 | arm d | ||
| 040 | _aAM-YeHGA | ||
| 041 | 0 | _aarm | |
| 245 | 1 | 0 |
_aԳանձեր Վասպուրականի / _cԵ. Տէր Մկրտիչեան. |
| 260 |
_aՊոսթոն : _bտպ. Պայքար, _c1966. |
||
| 300 |
_aՀ. ; _c28 սմ. |
||
| 505 | 1 | 0 | _gՀ. 1 (1966, 639էջ, դիմանկ., 1 ծալվ. թ. աղս.) |
| 650 | 1 | 4 |
_aՀայոց պատմություն _zՎասպուրական |
| 650 | 1 | 4 |
_aՀայաստանի քաղաքներ _95294 |
| 651 | 4 | _aՎասպուրական | |
| 090 | _c137483 | ||
| 999 |
_c136112 _d136112 |
||